Indian Economy (Record no. 12555)

MARC details
000 -LEADER
fixed length control field 00379nam a22001697a 4500
003 - CONTROL NUMBER IDENTIFIER
control field OSt
008 - FIXED-LENGTH DATA ELEMENTS--GENERAL INFORMATION
fixed length control field 240426b |||||||| |||| 00| 0 eng d
020 ## - INTERNATIONAL STANDARD BOOK NUMBER
International Standard Book Number 9789358704815
082 ## - DEWEY DECIMAL CLASSIFICATION NUMBER
Classification number 330.954 DAI
100 ## - MAIN ENTRY--PERSONAL NAME
Personal name DATT,Gaurav
245 ## - TITLE STATEMENT
Title Indian Economy
250 ## - EDITION STATEMENT
Edition statement 73th Ed
260 ## - PUBLICATION, DISTRIBUTION, ETC. (IMPRINT)
Place of publication, distribution, etc New Delhi
Name of publisher, distributor, etc S.Chand
Date of publication, distribution, etc 2024
300 ## - PHYSICAL DESCRIPTION
Extent 740
700 ## - ADDED ENTRY--PERSONAL NAME
Personal name NAG,Biswajit
942 ## - ADDED ENTRY ELEMENTS (KOHA)
Source of classification or shelving scheme Dewey Decimal Classification
Koha item type Text Books
Holdings
Withdrawn status Lost status Source of classification or shelving scheme Damaged status Not for loan Collection code Home library Current library Date acquired Source of acquisition Currency Cost, normal purchase price Bill Number Total Checkouts Full call number Acc. no. / Barcode Date last seen Actual Cost, discounted price Bill Date Koha item type Date last borrowed
    Dewey Decimal Classification     MBA PIET C-LIBRARY PIET C-LIBRARY 23/03/2024 Zafaa Books and Distributors In rupees 799.00 ZBD0463   330.954 DAI 36715 26/04/2024 559.30 23/03/2024 Reference Books  
    Dewey Decimal Classification     MBA PIET C-LIBRARY PIET C-LIBRARY 23/03/2024 Zafaa Books and Distributors In rupees 799.00 ZBD0463 2 330.954 DAI 36716 16/12/2024 559.30 23/03/2024 Text Books 03/12/2024
    Dewey Decimal Classification     MBA PIET C-LIBRARY PIET C-LIBRARY 23/03/2024 Zafaa Books and Distributors In rupees 799.00 ZBD0463 3 330.954 DAI 36717 02/01/2025 559.30 23/03/2024 Text Books 16/12/2024
    Dewey Decimal Classification     MBA PIET C-LIBRARY PIET C-LIBRARY 23/03/2024 Zafaa Books and Distributors In rupees 799.00 ZBD0463 2 330.954 DAI 36718 15/01/2025 559.30 23/03/2024 Text Books 03/01/2025
    Dewey Decimal Classification     MBA PIET C-LIBRARY PIET C-LIBRARY 23/03/2024 Zafaa Books and Distributors In rupees 799.00 ZBD0463 1 330.954 DAI 36719 25/11/2024 559.30 23/03/2024 Text Books 08/11/2024
    Dewey Decimal Classification     MBA PIET C-LIBRARY PIET C-LIBRARY 28/03/2025 Zaffa Books INR 799.00 ZBD0591   330.954 DAI 38848 01/04/2025 559.30 28/03/2025 Text Books  
    Dewey Decimal Classification     MBA PIET C-LIBRARY PIET C-LIBRARY 28/03/2025 Zaffa Books INR 799.00 ZBD0591   330.954 DAI 38849 01/04/2025 559.30 28/03/2025 Text Books  

Design & Developed by: PIET Central Library
R70 Miles Stone Pattikalyana Samalkha Panipat 132102
mail ID :- [email protected], Phone No:- 0180-2569700 Ex.216